Finish the name - historical figures - Statistics

General Stats
  • This quiz has been taken 30 times
  • The average score is 12 of 15
Answer Stats
Hint Answer % Correct
Winston Churchill
100%
Alexander the Great
100%
John F. Kennedy
100%
Abraham Lincoln
100%
Fidel Castro
97%
Vlad the Impaler
93%
Jesus of Nazareth
93%
Ivan the Terrible
93%
Galileo Galilei
87%
William the Conqueror
80%
Mao Zedong
73%
Hernan Cortes
57%
Johannes Gutenburg
53%
Haile Selassie
50%
Nikita Khrushchev
47%
No matching quizzes found
Score Distribution
Percent of People with Each Score
Percentile by Number Answered
Your Score History
You have not taken this quiz